A2RC architects (Record no. 7820)
[ view plain ]
| 000 -LEADER | |
|---|---|
| fixed length control field | 00337nam a2200145 4500 |
| 003 - CONTROL NUMBER IDENTIFIER | |
| control field | OSt |
| 005 - DATE AND TIME OF LATEST TRANSACTION | |
| control field | 20200522125853.0 |
| 008 - FIXED-LENGTH DATA ELEMENTS--GENERAL INFORMATION | |
| fixed length control field | 200522b ||||| |||| 00| 0 eng d |
| 020 ## - INTERNATIONAL STANDARD BOOK NUMBER | |
| International Standard Book Number | 9781864701579 |
| 082 ## - DEWEY DECIMAL CLASSIFICATION NUMBER | |
| Classification number | 720.949D'HE |
| 100 ## - MAIN ENTRY--PERSONAL NAME | |
| Personal name | D'Helft, Brigitte |
| 245 ## - TITLE STATEMENT | |
| Title | A2RC architects |
| 260 ## - PUBLICATION, DISTRIBUTION, ETC. (IMPRINT) | |
| Place of publication, distribution, etc | Images Publishing Dist Ac |
| 942 ## - ADDED ENTRY ELEMENTS (KOHA) | |
| Source of classification or shelving scheme | |
| Withdrawn status | Lost status | Source of classification or shelving scheme | Damaged status | Koha normalized classification for sorting | Not for loan | Permanent location | Current location | Date acquired | Full call number | Barcode | Date last seen | Price effective from | Koha item type |
|---|---|---|---|---|---|---|---|---|---|---|---|---|---|
| 720_000000000000000_949DHE | BMS College of Architecture, Design and Planning | BMS College of Architecture, Design and Planning | 2020-05-22 | 720.949D'HE | AR-PG304 | 2020-05-22 | 2020-05-22 | PG Books |